000 00509nam a22001937a 4500
003 BUBTL
008 190827b xxu||||| |||| 00| 0 eng d
020 _a9789351453925
082 _a364.168 / FAC
100 _92379
_aFatima, Talat
245 _aCyber Crimes /
_cTalat Fatima
250 _a2nd ed
260 _aLucknow :
_bEastern Book Company
_cc2016.
300 _aLXIV, 688 p. :
_c24 cm.
650 0 _92102
_aLaw
856 _k0
_l0
_yDownload
942 _2ddc
_cBK
999 _c6101
_d6101